Vainqueurs du Grand Prix de Grande-Bretagne de Formule 1 - Statistiques

Statistiques générales
  • Ce quiz a été pris 760 fois
    570 depuis la dernière actualisation
  • Le résultat moyen est 51 sur 75
Statistiques - réponses
Année Circuit Vainqueur Ecurie % Correct
2008 Silverstone Lewis Hamilton McLaren-Mercedes
100%
2014 Silverstone Lewis Hamilton Mercedes
100%
2015 Silverstone Lewis Hamilton Mercedes
100%
2016 Silverstone Lewis Hamilton Mercedes
100%
2017 Silverstone Lewis Hamilton Mercedes
100%
2019 Silverstone Lewis Hamilton Mercedes
100%
2020 Silverstone Lewis Hamilton Mercedes
100%
2021 Silverstone Lewis Hamilton Mercedes
100%
1998 Silverstone Michael Schumacher Ferrari
97%
2002 Silverstone Michael Schumacher Ferrari
97%
2004 Silverstone Michael Schumacher Ferrari
97%
Silverstone Max Verstappen Red Bull-Honda
96%
2009 Silverstone Sebastian Vettel Red Bull-Renault
96%
2018 Silverstone Sebastian Vettel Ferrari
96%
2022 Silverstone Carlos Sainz Ferrari
95%
1983 Silverstone Alain Prost Renault
93%
1985 Silverstone Alain Prost McLaren-TAG Porsche
93%
1989 Silverstone Alain Prost McLaren-Honda
93%
1990 Silverstone Alain Prost Ferrari
93%
1993 Silverstone Alain Prost Williams-Renault
93%
1988 Silverstone Ayrton Senna McLaren-Honda
93%
2006 Silverstone Fernando Alonso Renault
93%
2011 Silverstone Fernando Alonso Ferrari
93%
2013 Silverstone Nico Rosberg Mercedes
93%
2007 Silverstone Kimi Räikkönen Ferrari
86%
1956 Silverstone Juan Manuel Fangio Ferrari
84%
2010 Silverstone Mark Webber Red Bull-Renault
83%
2012 Silverstone Mark Webber Red Bull-Renault
83%
1994 Silverstone Damon Hill Williams-Renault
79%
1976 Brands Hatch Niki Lauda Ferrari
79%
1982 Brands Hatch Niki Lauda McLaren-Ford
79%
1984 Brands Hatch Niki Lauda McLaren-TAG Porsche
79%
2001 Silverstone Mika Häkkinen McLaren-Mercedes
78%
1996 Silverstone Jacques Villeneuve Williams-Renault
76%
1997 Silverstone Jacques Villeneuve Williams-Renault
76%
1952 Silverstone Alberto Ascari Ferrari
72%
1953 Silverstone Alberto Ascari Ferrari
72%
1986 Brands Hatch Nigel Mansell Williams-Honda
72%
1987 Silverstone Nigel Mansell Williams-Honda
72%
1991 Silverstone Nigel Mansell Williams-Renault
72%
1992 Silverstone Nigel Mansell Williams-Renault
72%
1950 Silverstone Giuseppe Farina Alfa Romeo
69%
2003 Silverstone Rubens Barrichello Ferrari
69%
1999 Silverstone David Coulthard McLaren-Mercedes
66%
2000 Silverstone David Coulthard McLaren-Mercedes
66%
1969 Silverstone Jackie Stewart Matra-Ford
64%
1971 Silverstone Jackie Stewart Tyrrell-Ford
64%
1977 Silverstone James Hunt McLaren-Ford
61%
1959 Aintree Jack Brabham Cooper-Climax
58%
1960 Silverstone Jack Brabham Cooper-Climax
58%
1966 Brands Hatch Jack Brabham Brabham-Repco
58%
1962 Aintree Jim Clark Lotus-Climax
57%
1963 Silverstone Jim Clark Lotus-Climax
57%
1964 Brands Hatch Jim Clark Lotus-Climax
57%
1965 Silverstone Jim Clark Lotus-Climax
57%
1967 Silverstone Jim Clark Lotus-Ford
57%
1972 Brands Hatch Emerson Fittipaldi Lotus-Ford
53%
1975 Silverstone Emerson Fittipaldi McLaren-Ford
53%
2005 Silverstone Juan Pablo Montoya McLaren-Mercedes
51%
1980 Brands Hatch Alan Jones Williams-Ford
49%
1955 Aintree Stirling Moss Mercedes
47%
Stirling Moss
47%
1974 Brands Hatch Jody Scheckter Tyrrell-Ford
45%
1970 Brands Hatch Jochen Rindt Lotus-Ford
42%
1978 Brands Hatch Carlos Reutemann Ferrari
29%
1957 Aintree Tony Brooks Vanwall
24%
1995 Silverstone Johnny Herbert Benetton-Renault
23%
1979 Silverstone Clay Regazzoni Williams-Ford
22%
1981 Silverstone John Watson McLaren-Ford
18%
1951 Silverstone José-Froilan Gonzalez Ferrari
17%
1954 Silverstone José-Froilan Gonzalez Ferrari
17%
1958 Silverstone Peter Collins Ferrari
17%
1961 Aintree Wolfgang von Trips Ferrari
17%
1973 Silverstone Peter Revson McLaren-Ford
9%
1968 Brands Hatch Jo Siffert Lotus-Ford
6%
Aucun quiz correspondant
Distribution des résultats
% des personnes avec chaque résultat
Percentile par nombre de réponses
Votre historique - résultats
Vous n’avez pas pris ce quiz depuis la dernière actualisation